000 00409nam a2200169Ia 4500
999 _c40717
_d40717
003 0100
005 20180302155305.0
008 130303s9999 xx 000 0 und d
040 _cARRUPELIB
050 _aDT930.P371964
100 _aPemberton, W. Baring
_940219
245 _aBattles of the Boer war /
260 _aLondon
_bPan Books LTD
_c1964
300 _a208p
650 _aSouth African war
_930443
942 _2lcc
_cMONOGRAPH